Historia de la arquitectura del renacimiento : la arquitectura clásica del siglo XV al siglo XVIII, vol. 1

Bibliographic Details
Main Author: Benevolo, Leonardo
Format: Section = Libro
Language:Undetermined
Spanish
Published: Barcelona Gustavo Gili 1984
Edition:2a.ed.
Subjects:
LEADER 00578nam a2200193Ia 4500
008 240829s9999 xx 000 0 und d
020 |a 84-252-1016-X 
040 |a BIBLIOTECA-RUSB/ 724.1 B465 
041 |a spa 
082 |a 724.1 B465 
100 1 |a Benevolo, Leonardo 
245 1 0 |a Historia de la arquitectura del renacimiento : la arquitectura clásica del siglo XV al siglo XVIII, vol. 1 
250 |a 2a.ed. 
260 |a Barcelona  |b Gustavo Gili  |c 1984 
300 |a p. irreg. :il. 
650 7 |a ARQUITECTURA RENACENTISTA-HISTORIA 
942 |c BK  |2 ddc 
991 |a TEXTO 
999 |c 5177